[Event "7th Altibox Norway Chess 2019"]
[Site "Stavanger"]
[Date "2019.06.06"]
[Round "3.2"]
[White "So, Wesley"]
[Black "Yu, Yangyi"]
[Result "1-0"]
[WhiteElo "2754"]
[BlackElo "2738"]
[Annotator "TA"]
[PlyCount "131"]
[EventDate "2019.06.04"]
[EventType "tourn"]
[EventCountry "NOR"]
[SourceTitle "playchess.com"]
[Source "ChessBase"]
[SourceQuality "1"]

{[%evp 15,131,30,28,30,27,27,32,13,29,30,35,35,27,31,26,28,36,31,21,22,62,19,24,12,9,8,6,5,0,0,18,23,10,24,45,52,53,53,58,65,118,117,89,0,0,0,80,83,104,32,39,26,64,64,64,77,73,65,96,96,119,119,126,126,126,126,126,126,126,120,126,120,504,476,556,555,388,0,120,120,120,142,497,482,496,547,526,535,501,476,786,0,119,0,770,722,1243,1047,1258,1231,1131,1122,1450,1122,29964,29965,29945,29937,29975,29976,29976,29977,29977,29977,29977,29978,29978,29979]} 1. e4 e5 2. Nf3 Nf6 3. Nxe5 d6 4. Nf3 Nxe4 5. Nc3 Nxc3 6. dxc3 Be7 7. Be3 Nc6 8. Qd2 Be6 9. O-O-O {C42: Petroff Defence: 3 Nxe5 and unusual White 3rd moves} Qd7 ({Wrong is} 9... Bxa2 $2 10. b3 $18) 10. Kb1 (10. h3 Bf6 11. g4 h6 12. Bg2 O-O-O 13. b3 g5 14. Nd4 Nxd4 15. cxd4 d5 16. f4 gxf4 17. Bxf4 {½-½ (39) Cheparinov,I (2679)-Wang,Y (2684) China 2019}) 10... Bf6 11. h4 {White is slightly better.} O-O-O 12. Nd4 Nxd4 13. Bxd4 Be5 14. Qe3 Qa4 15. b3 Qa5 16. Bxe5 dxe5 17. Be2 g6 $146 ({Predecessor:} 17... Rde8 18. Kb2 f6 19. Rd2 {½-½ (19) Walka,W (2264)-Koch,H (2292) GER email 2016}) 18. c4 Rxd1+ 19. Rxd1 Rd8 20. Bd3 Qb6 21. Qxb6 axb6 $11 {[%mdl 4096] Endgame KRB-KRB} 22. Re1 f6 {[#]} 23. f4 $1 {[%mdl 512]} Re8 (23... exf4 24. Rxe6) 24. fxe5 Bg8 25. h5 gxh5 26. Bf5+ Kb8 27. e6 {Black must now prevent e7.} c5 (27... c6 $14) 28. Re3 $16 Kc7 29. Rg3 (29. g3 $16) 29... Bxe6 $11 30. Rg7+ Kb8 (30... Kd6 $1 $11 {remains equal.} 31. Bxe6 Kxe6) 31. Be4 $16 Bc8 32. Bd5 (32. Bf3 $1 $16) 32... Re2 $14 33. Bf3 Rd2 34. Bxh5 Bf5 35. Bf3 Rd7 36. Rg8+ Ka7 37. Kc1 $1 Re7 38. Rf8 Be4 39. Rxf6 Bxf3 40. gxf3 $16 {KR-KR} Re2 41. Rh6 Rf2 42. Rh3 h5 43. Kb2 Ka6 $2 {[%mdl 8192]} (43... Kb8 $16 44. Rxh5 Rxf3) 44. a4 $1 $18 h4 45. Kc3 $1 {[%cal Rc3d3]} Ka5 46. Kb2 $2 (46. Kd3 $18) 46... Ka6 $1 $16 47. Kc1 Ka7 48. Kb1 Ka6 $2 {[%mdl 8192]} (48... Kb8 $16 {is tougher.} 49. Rxh4 Rxf3) 49. Kb2 $1 $18 Ka7 50. Kc3 $1 {[%cal Rc3d3]} Kb8 51. Kd3 Kc7 {[#]} 52. Ke4 $1 Re2+ (52... Rxc2 $142 53. f4 (53. Rxh4 Rb2 $16) 53... Kd6 54. Rxh4 Re2+ 55. Kf5 Re3) 53. Kd3 $2 (53. Kf5 $18 Rxc2 54. Kg4 (54. Rxh4 Rc3 $16)) 53... Rf2 $16 54. Ke4 $2 {[%mdl 8192]} (54. Rxh4 $16 Rxf3+ 55. Ke4) 54... Re2+ $1 $18 55. Kf5 Rxc2 56. f4 Rf2 57. Rxh4 Rf3 58. Kg5 Rxb3 {[#]} 59. f5 $1 {[%cal Rf5f6]} Rg3+ 60. Rg4 {White mates.} Ra3 61. f6 Rxa4 62. f7 Ra8 63. Kf6 b5 64. Rg8 Ra1 65. f8=Q Rf1+ 66. Ke5 {Accuracy: White = 77%, Black = 46%.} 1-0

[Event "7th Altibox Norway Chess 2019"]
[Site "Stavanger"]
[Date "2019.06.06"]
[Round "3.3"]
[White "Ding, Liren"]
[Black "Caruana, Fabiano"]
[Result "1-0"]
[WhiteElo "2805"]
[BlackElo "2819"]
[Annotator "TA"]
[PlyCount "153"]
[EventDate "2019.06.04"]
[EventType "tourn"]
[EventCountry "NOR"]
[SourceTitle "playchess.com"]
[Source "ChessBase"]
[SourceQuality "1"]

{[%evp 12,153,43,40,51,65,63,70,73,55,150,155,131,150,131,105,147,157,147,139,151,116,116,118,123,126,124,124,109,95,114,95,101,79,97,72,89,86,81,52,56,56,85,98,141,91,218,86,100,0,180,99,157,173,172,169,163,169,164,153,220,220,220,101,107,101,93,93,128,128,137,135,129,114,330,126,140,85,125,125,125,125,125,125,156,153,166,153,153,153,153,153,179,166,166,153,166,166,166,166,166,166,166,166,166,166,166,166,166,166,166,0,166,166,166,166,365,365,410,403,388,303,374,374,370,366,1006,1006,435,459,749,527,486,444,12849,12848,12850,29938,12848,12849,29966,29967,11885,4153]} 1. d4 Nf6 2. g3 e6 3. Bg2 c5 4. Nf3 cxd4 5. O-O Qc7 6. Nxd4 a6 7. b3 d5 {A46: 1 d4 Nf6 2 Nf3 e6: Torre, London and Colle Systems} 8. c4 dxc4 9. Bb2 $146 ({Predecessor:} 9. bxc4 Be7 10. Nd2 O-O 11. Bb2 Ra7 12. Rc1 b6 13. Qa4 Bb7 14. Bxb7 Qxb7 15. Rfd1 {1-0 (51) Zablotsky,S (2508)-Khismatullin,D (2584) Tomsk 2008}) 9... cxb3 {White is slightly better.} 10. Qxb3 Nc6 (10... Nbd7 $14) 11. Nxc6 $16 bxc6 12. Bxf6 $1 gxf6 13. Qc3 Bd7 14. Qxf6 Rg8 15. Nc3 $1 Rg6 16. Qf3 Be7 17. Rac1 Kf8 18. Ne4 Be8 19. Nc5 Qa5 20. Qe3 Qxa2 21. Be4 Rg7 22. Rc2 {[%mdl 1024] White has strong compensation.} Qa5 23. Rb1 Qc7 24. Qf3 Kg8 25. Rb7 Qd6 26. Bd3 Bd8 27. Ne4 $36 {[%mdl 2048] Keeping Black busy.} Qe5 28. Rc5 Qd4 (28... Qa1+ $16 {keeps fighting.} 29. Rb1 Qd4) 29. Rc4 (29. Bc4 $18 {has better winning chances.}) 29... Qe5 30. Rc5 (30. Qe3 $1 $16 {Black must now prevent Rc5.} Bg5 31. Qc5 (31. Nxg5 Qxe3 32. Bxh7+ Kf8 $14) 31... Qxc5 32. Rxc5 (32. Nxc5 a5 $11)) 30... Qd4 $18 31. Qf4 ({White should try} 31. Bc4 $18) 31... a5 (31... f5 $142 32. Rc4 Qd5 33. Rxg7+ Kxg7) 32. Rb8 $16 Rxb8 33. Qxb8 {And now Nd6 would win.} Kf8 {[#]} 34. Nd6 $1 {[%mdl 512]} Ke7 35. Nxe8 Qxc5 (35... Kxe8 $16 36. Rxc6 Ke7) 36. Nxg7 $18 a4 37. g4 (37. Qa8 $18) 37... a3 $16 38. Qb3 Bb6 39. e3 {Hoping for Bc4.} Qg5 40. Nh5 Qxg4+ 41. Ng3 Bc5 42. Kg2 {aiming for Qb7+.} h5 $2 {[#]} (42... Qb4 $16 43. Bc4 Qxb3 44. Bxb3 Kd7) 43. h3 $2 (43. Qb7+ $1 $18 {and the rest is easy.} Kf6 44. Qxc6) 43... Qg5 44. Kf1 (44. Qb7+ $142 Kf8 45. h4 (45. Qxc6 h4 $17 {[%mdl 64] Pin})) 44... Qd5 45. Qxd5 cxd5 46. Bb1 h4 47. Ne2 f5 48. Nf4 Kf7 49. Ba2 Be7 50. Ke2 Bf6 51. Kd3 Be5 52. Ng2 Bf6 53. Ne1 Be7 54. Kc2 Kf6 55. Nf3 f4 56. Nxh4 fxe3 57. fxe3 Kg5 58. Nf3+ Kf5 59. Kd3 Bc5 60. Nd4+ Ke5 {intending ...Bxd4.} 61. Nf3+ Kf5 62. Ke2 Kf6 63. Bb1 e5 $2 (63... Bd6 64. Kd3 e5) 64. Ba2 $18 e4 {[#]} 65. Nd4 $1 Ke5 66. Nb5 Be7 67. Bb3 Bc5 68. h4 d4 $2 (68... Bb4 69. h5 Bf8) 69. exd4+ Bxd4 70. Nxa3 Kf5 (70... Kf6 $142 71. h5 Bc5) 71. h5 Kg5 72. Bf7 Kf4 (72... e3 $142 73. Nb5 Bb6) 73. Nc4 Bg7 74. Bg6 Bd4 75. Nd6 e3 76. Nf7 Bg7 77. Bd3 {Accuracy: White = 68%, Black = 44%.} ({Not} 77. h6 Bxh6 78. Bd3 (78. Nxh6 Kg5 $11 {[%mdl 64] Double Attack}) 78... Bg5 $11) 1-0

[Event "7th Altibox Norway Chess 2019"]
[Site "Stavanger"]
[Date "2019.06.06"]
[Round "3.4"]
[White "Mamedyarov, Shakhriyar"]
[Black "Aronian, Levon"]
[Result "0-1"]
[WhiteElo "2774"]
[BlackElo "2752"]
[Annotator "TA"]
[PlyCount "62"]
[EventDate "2019.06.04"]
[EventType "tourn"]
[EventCountry "NOR"]
[SourceTitle "playchess.com"]
[Source "ChessBase"]
[SourceQuality "1"]

{[%evp 11,62,0,0,0,0,0,0,0,0,-8,0,0,0,0,5,0,22,12,26,30,51,45,66,44,89,90,64,-47,-56,-46,-37,-48,-45,-33,-40,-60,-57,-71,-36,-109,-101,-102,-100,-116,-113,-97,-39,-326,-329,-319,-313,-555,-544]} 1. c4 e5 2. Nc3 Nf6 3. Nf3 Nc6 4. e3 Bb4 5. Qc2 Bxc3 6. Qxc3 Qe7 7. d4 {A28: English Opening: Four Knights Variation} Ne4 8. Qd3 exd4 9. Nxd4 {The position is equal.} O-O 10. Be2 Nxd4 11. Qxd4 b6 12. O-O $146 ({Predecessor:} 12. f3 Nc5 13. h4 Bb7 14. Bd2 f5 15. h5 h6 {0-1 (51) Jumabayev,R (2604)-Vitiugov,N (2720) Caleta 2019}) 12... Bb7 13. Rd1 d6 14. f3 Ng5 15. b4 Rae8 16. a4 f5 17. c5 {[%cal Rc5d6]} dxc5 18. bxc5 {And now Ba3 would win.} Ne6 19. Bc4 (19. Qc4 $14) 19... Rd8 $1 $15 20. Bxe6+ $1 Qxe6 21. Qxd8 Rxd8 22. Rxd8+ Kf7 {...Qf6 is the strong threat.} 23. Rd1 bxc5 {[%cal Bb6c5,Bc5c4,Bc4c3,Bc3c2][%mdl 32]} 24. Re1 c4 25. Bd2 {[#]} ({White should play} 25. Bb2 $15) 25... g5 $1 $17 26. Bc3 {[#]} g4 $1 {[%cal Rg4f3]} 27. fxg4 Qe4 $36 {[%csl Gb7][%cal Re4g2][%mdl 2048] Black has strong initiative.} ({Resist} 27... fxg4 28. Re2 $15) 28. Ra2 Qd3 (28... fxg4 $17 29. Bd4 Ke6) 29. Ba1 $2 {[%mdl 8192]} (29. Bd4 $15) 29... c3 {aiming for ...c2.} ({Not} 29... fxg4 30. Rf2+ Ke6 31. e4 $17) 30. Rf2 Be4 31. Rc1 $2 (31. Kh1 {was called for.} c2 32. Bb2) 31... c2 {Accuracy: White = 49%, Black = 60%.} 0-1

[Event "7th Altibox Norway Chess 2019"]
[Site "Stavanger"]
[Date "2019.06.06"]
[Round "3.5"]
[White "Vachier-Lagrave, Maxime"]
[Black "Anand, Viswanathan"]
[Result "1/2-1/2"]
[WhiteElo "2779"]
[BlackElo "2767"]
[Annotator "TA"]
[PlyCount "63"]
[EventDate "2019.06.04"]
[EventType "tourn"]
[EventCountry "NOR"]
[SourceTitle "playchess.com"]
[Source "ChessBase"]
[SourceQuality "1"]

{[%evp 16,63,45,41,47,37,22,22,42,9,58,0,0,0,0,0,0,0,0,0,0,0,0,0,13,23,20,0,0,0,8,0,0,0,0,-8,-8,-90,-6,-9,-9,-9,-11,-11,-14,-20,-10,-10,-9,-21]} 1. e4 e5 2. Nf3 Nc6 3. Bb5 a6 4. Ba4 Nf6 5. O-O Bc5 6. c3 b5 7. Bb3 d6 8. d4 Bb6 9. a4 Bb7 {C78: Ruy Lopez: Archangelsk and Möller Defences} (9... Rb8 10. a5 Ba7 11. h3 O-O 12. Be3 Ra8 13. Nbd2 h6 14. Re1 Re8 15. Qc2 exd4 16. Nxd4 Nxd4 17. cxd4 c5 {1-0 (63) Saric,I (2689)-Maghsoodloo,P (2649) Batumi 2018}) 10. axb5 axb5 11. Rxa8 Bxa8 12. Na3 Nxe4 $146 ({Predecessor:} 12... O-O 13. Bg5 Re8 14. Bd5 Ne7 15. Bxf6 gxf6 16. Bxa8 Qxa8 {½-½ (43) Landaw,J (2362)-Kavutskiy,K (2307) Arcadia 2014}) 13. Nxb5 (13. Qe2 $14) 13... O-O $11 14. Qe2 Nf6 15. dxe5 Nxe5 16. Nxe5 Qe8 {[%mdl 64] [#] Pin} 17. Nd4 Qxe5 18. Qxe5 dxe5 19. Nf3 Re8 20. Ba4 c6 21. Nd2 Bb7 22. Nc4 Bc7 23. Rd1 Nd5 24. Ne3 {[#] aiming for Nxd5.} Rd8 25. c4 Nf4 {Strongly threatening ...Ne2+.} 26. Rxd8+ Bxd8 27. Bd2 {The position is equal.} c5 28. b4 cxb4 29. Bxb4 Nd3 30. Bd6 Bb6 31. Kf1 Bc5 32. Bxc5 {Accuracy: White = 65%, Black = 80%.} 1/2-1/2

[Event "7th Altibox Norway Chess 2019"]
[Site "Stavanger"]
[Date "2019.06.08"]
[Round "4.1"]
[White "Carlsen, Magnus"]
[Black "Mamedyarov, Shakhriyar"]
[Result "1/2-1/2"]
[WhiteElo "2875"]
[BlackElo "2774"]
[Annotator "TA"]
[PlyCount "92"]
[EventDate "2019.06.04"]
[EventType "tourn"]
[EventCountry "NOR"]
[SourceTitle "playchess.com"]
[Source "ChessBase"]
[SourceQuality "1"]

{[%evp 16,92,8,12,48,31,24,42,42,19,34,0,11,6,9,0,0,0,77,68,69,72,68,69,55,43,35,19,18,22,83,75,62,0,0,0,0,0,0,0,7,7,0,1,0,0,0,0,0,0,1,1,1,1,1,1,1,0,8,8,8,8,8,8,8,8,8,8,8,8,8,8,8,8,8,8,8,8,8]} 1. d4 Nf6 2. c4 g6 3. Nc3 d5 4. cxd5 Nxd5 5. e4 Nxc3 6. bxc3 Bg7 7. Be3 c5 8. Rc1 O-O 9. Nf3 Nd7 {D85: Exchange Grünfeld: Unusual White 7th moves and lines with 7 Nf3} (9... Bg4 10. Be2 Qa5 11. O-O Qxa2 12. Ra1 Qb2 13. Qd3 Qb6 14. Rfb1 Qc7 15. Qc4 b6 16. h3 Bd7 17. dxc5 bxc5 18. Qxc5 Qxc5 19. Bxc5 {½-½ (37) Le,Q (2714)-Vachier Lagrave,M (2780) Caleta 2019}) 10. Be2 Qa5 $146 ({Predecessor:} 10... b6 11. O-O cxd4 12. cxd4 Nf6 13. Bd3 Bb7 14. d5 Nd7 15. Qd2 Rc8 16. Bh6 Nc5 17. Bb1 {1-0 (79) Brutyan,H (1635)-Mashatan,R (2182) Yerevan 2016}) 11. O-O Qxa2 {White is slightly better.} 12. Nd2 Qa5 13. h4 {[%mdl 1024] White has compensation.} b5 14. h5 Bb7 15. h6 Bh8 $1 16. e5 Qc7 (16... cxd4 $11 17. cxd4 Qd8) 17. Bxb5 $16 Bxg2 {[%mdl 64] [#] Decoy} 18. Kxg2 Qb7+ 19. Qf3 Qxb5 20. Rb1 Qa6 21. Ne4 cxd4 22. cxd4 f6 {[#]} (22... Nb6 $11 {remains equal.}) 23. Ng5 $1 e6 24. Ra1 (24. Qb7 $14 Qxb7+ 25. Rxb7 Nxe5 26. Nxe6) 24... Qb6 $11 {The position is equal.} 25. exf6 Bxf6 26. Qe4 Bxg5 $1 27. Bxg5 {And now Be7 would win.} Qd6 28. Rfe1 Qd5 29. Qxd5 exd5 30. Ra5 Rf5 31. f4 Nf6 32. Re7 Ne4 33. Rg7+ Kh8 34. Raxa7 Rxa7 35. Rxa7 {[%mdl 4096] Endgame Threatening mate with Ra8+. KRB-KRN} Kg8 36. Rg7+ Kf8 {Threatens to win with ...Rf7.} 37. Be7+ Ke8 38. Rxh7 Rf7 $1 {[%cal Rf7h7]} 39. Rxf7 Kxf7 {KB-KN} 40. Kf3 Kg8 41. Kg4 {aiming for f5.} Kh7 42. Bf8 {Black must now prevent f5.} Nf6+ 43. Kh4 Ne4 44. Bg7 Nd6 45. Kg5 {Hoping for Kf6.} Ne4+ 46. Kg4 Nd6 {Accuracy: White = 78%, Black = 74%.} 1/2-1/2

[Event "7th Altibox Norway Chess 2019"]
[Site "Stavanger"]
[Date "2019.06.08"]
[Round "4.2"]
[White "Aronian, Levon"]
[Black "Vachier-Lagrave, Maxime"]
[Result "1/2-1/2"]
[WhiteElo "2752"]
[BlackElo "2779"]
[Annotator "TA"]
[PlyCount "74"]
[EventDate "2019.06.04"]
[EventType "tourn"]
[EventCountry "NOR"]
[SourceTitle "playchess.com"]
[Source "ChessBase"]
[SourceQuality "1"]

{[%evp 10,74,14,0,12,-12,0,16,22,23,26,15,20,0,0,8,18,12,18,-19,0,-16,0,-80,-78,-75,-64,-79,-58,-108,-89,-81,-91,-86,-91,-87,-89,-92,0,-41,-27,-27,-27,-23,-35,-24,-22,-22,-25,-47,-35,-88,-82,-85,-64,-79,-31,-28,0,0,0,0,0,0,0,0,0]} 1. c4 c5 2. Nc3 g6 3. g3 Bg7 4. Bg2 Nc6 5. d3 e6 6. h4 h6 {A36: Symmetrical English vs ...g6: 4 Bg2 Bg7} 7. h5 (7. e4 Nge7 8. Nge2 d6 9. Be3 Nd4 10. Qd2 Nec6 11. f4 h5 12. O-O O-O 13. Kh2 Rb8 14. Rac1 {½-½ (89) Rakhmanov,A (2623)-Lintchevski,D (2557) Kaliningrad 2015}) 7... g5 8. f4 Qc7 $146 ({Predecessor:} 8... gxf4 9. Bxf4 d6 10. Nf3 Nf6 11. Rh4 Nd4 12. Nxd4 cxd4 13. Ne4 Nxe4 14. Bxe4 {0-1 (49) Fries Nielsen,J (2375)-Thybo,J (2377) Fredericia 2016}) 9. e4 Nge7 10. Nge2 gxf4 11. gxf4 d6 12. Be3 Bd7 13. Qd2 Nd4 14. Rc1 Rg8 (14... Qb6 {keeps more tension.} 15. Rg1 Bf6 16. Kf1 Nec6 17. Nb5 Be7) 15. b4 cxb4 16. Bxd4 (16. Nxd4 $11 bxc3 17. Rxc3) 16... Bxd4 $17 17. Nxd4 {[#] Strongly threatening Nd1.} bxc3 18. Rxc3 e5 19. Nb3 O-O-O 20. c5 {Black must now prevent cxd6.} Kb8 21. cxd6 Qxd6 22. fxe5 Qxe5 23. d4 Qg5 (23... Qg7 $17 24. Qf4+ Ka8) 24. Bf3 f5 25. Qxg5 Rxg5 26. e5 Bc6 27. Kf2 Bxf3 28. Rxf3 Rdg8 29. Rh2 b6 30. Nc1 {[#]} (30. Na1 $15) 30... Rc8 $1 {[%cal Rc8c1]} 31. Ne2 Rc2 32. a3 Nd5 33. Ke1 $1 Kc7 34. Rhf2 {The position is equal.} Rxh5 {And now ...Rh1+ would win.} 35. Ng3 Rxf2 36. Kxf2 Rh2+ 37. Kg1 Rd2 {Accuracy: White = 53%, Black = 67%.} 1/2-1/2

[Event "7th Altibox Norway Chess 2019"]
[Site "Stavanger"]
[Date "2019.06.08"]
[Round "4.3"]
[White "Caruana, Fabiano"]
[Black "So, Wesley"]
[Result "1/2-1/2"]
[WhiteElo "2819"]
[BlackElo "2754"]
[Annotator "TA"]
[PlyCount "73"]
[EventDate "2019.06.04"]
[EventType "tourn"]
[EventCountry "NOR"]
[SourceTitle "playchess.com"]
[Source "ChessBase"]
[SourceQuality "1"]

{[%evp 18,73,7,0,0,0,0,0,0,12,6,0,0,-5,32,32,33,29,43,43,0,-20,-20,-27,-20,-15,0,-27,0,-27,-18,-44,-44,-80,-91,-114,-42,-38,-43,-35,-41,-28,-31,-32,-20,-21,-18,-21,-20,-14,-20,-18,-10,-8,0,-20,0,-8]} 1. e4 e5 2. Nf3 Nc6 3. Bc4 Bc5 4. c3 Nf6 5. d4 exd4 6. e5 d5 7. Be2 Ne4 8. cxd4 Bb4+ 9. Bd2 Nxd2 10. Nbxd2 O-O {C54: Giuoco Piano: 4 c3 Nf6, main lines with 5 d4 and 5 d3} 11. O-O f6 12. Bb5 Ne7 13. a3 Ba5 {[#]} 14. Bd3 $146 ({Predecessor:} 14. Qc2 Bf5 15. Bd3 Bxd3 16. Qxd3 Ng6 17. g3 c5 18. b4 cxb4 {0-1 (36) Vallejo Pons,F (2705)-Ponomariov,R (2723) Melilla 2011}) 14... Nc6 15. Bb5 Bb6 16. Bxc6 bxc6 17. Rc1 fxe5 18. Nxe5 Ba6 19. Nxc6 Qf6 $1 $36 {[%mdl 2048] Black has the initiative.} 20. Nf3 {With the idea Re1.} Bb5 21. Nce5 {Threatening Re1.} Bxf1 22. Qxf1 Rad8 23. Qd3 Qf4 24. Rc2 Rde8 25. g3 Qe4 {[#] Threatens to win with ...Qxd3.} 26. Rd2 c5 (26... Rf5 $17 27. h3 h6) 27. dxc5 $15 Bxc5 28. Qxd5+ Qxd5 29. Rxd5 Bb6 30. Kg2 Rc8 31. Nd7 {The position is equal.} Rfe8 32. Nxb6 axb6 33. Rb5 Rc2 34. Nd4 Rd2 35. Nf3 Rc2 {[#] Strongly threatening ...Ree2.} 36. Nd4 Rd2 37. Nf3 {Accuracy: White = 62%, Black = 68%.} 1/2-1/2

[Event "7th Altibox Norway Chess 2019"]
[Site "Stavanger"]
[Date "2019.06.08"]
[Round "4.4"]
[White "Anand, Viswanathan"]
[Black "Ding, Liren"]
[Result "1/2-1/2"]
[WhiteElo "2767"]
[BlackElo "2805"]
[Annotator "TA"]
[PlyCount "214"]
[EventDate "2019.06.04"]
[EventType "tourn"]
[EventCountry "NOR"]
[SourceTitle "playchess.com"]
[Source "ChessBase"]
[SourceQuality "1"]

{[%evp 12,214,18,16,14,14,14,14,14,12,14,13,9,-21,-15,-16,-27,0,0,0,0,0,0,-32,-29,-33,-34,-64,-70,-64,-59,-59,-46,-54,-47,-92,-55,-70,0,0,0,-5,37,27,61,58,58,65,72,68,83,81,85,72,72,72,72,72,68,64,72,72,72,73,74,54,57,58,58,51,41,39,36,35,59,59,62,66,59,51,58,62,62,50,83,118,111,0,16,16,16,16,17,12,37,37,42,41,37,40,67,17,102,25,36,36,42,25,26,33,36,10,68,71,76,55,39,31,34,27,62,0,43,11,14,0,0,-8,59,-7,-5,-14,27,27,27,27,92,18,20,19,20,0,0,-14,-14,-57,-57,-58,-58,-163,-163,-163,-163,-163,-163,-163,-163,-163,-163,-163,-163,-163,-163,-163,-163,-163,-163,-163,-163,-163,-163,-163,-163,-163,-163,-163,-32,-32,-28,-32,-32,-32,-32,-163,-163,-163,-163,-163,0,-163,0,-163,-163,-163,-163,-163,-163,-163,-163,-163,-163,-163,-163,-163,0]} 1. e4 e5 2. Nf3 Nc6 3. Bc4 Nf6 4. d3 Bc5 5. O-O O-O 6. c3 d6 7. h3 a5 {C54: Giuoco Piano: 4 c3 Nf6, main lines with 5 d4 and 5 d3} 8. Re1 h6 9. Nbd2 Be6 {The position is equal.} 10. Bb5 Qb8 11. Nf1 $146 (11. Bxc6 bxc6 12. d4 exd4 13. cxd4 Bb4 14. a3 Bxd2 15. Nxd2 {½-½ (43) Giri,A (2797)-Ding,L (2809) Shenzhen 2019}) 11... Qa7 12. d4 exd4 13. Bxc6 $1 {[%cal Rc3d4]} dxc3 14. Ba4 $1 Bxf2+ 15. Kh2 d5 16. e5 Ne4 17. Be3 c5 18. Bxf2 Nxf2 19. Qc2 cxb2 20. Rab1 c4 21. Qxb2 Nd3 {[%mdl 64] Double Attack} 22. Qc3 Nxe1 23. Rxe1 Qc5 24. Rb1 Bf5 (24... Rfd8 $15 25. Nd4 Bd7) 25. Rb5 $1 $11 {[%cal Rb5c5]} Qc7 26. Ne3 Be4 27. Nd2 Rae8 28. Nxe4 Qxe5+ 29. Qxe5 Rxe5 {[%mdl 64] Pin} 30. Bc2 ({Much weaker is} 30. Rxb7 Rxe4 31. Nxd5 Rd8 $17) 30... f5 {[%mdl 64] Pin} 31. Nxc4 $1 {[%mdl 64] Double Attack, Pin} Re7 32. Rxd5 fxe4 33. Ne3 b6 34. Rb5 {[%mdl 1024] White has strong compensation.} Rb8 35. Nf5 Rc7 36. Bxe4 Rc5 37. Rb3 Re5 38. Bd3 (38. Bc2 {is interesting.} b5 39. Rc3 Rd8 40. Rc7 Rd2 41. Nh4) 38... Rd8 39. Ng3 Rd4 40. Be2 Rb4 41. Rd3 b5 42. Bh5 Kh7 43. Rd6 {Bg6+ would kill now.} Rg5 44. Be2 Kg8 45. Bd3 Kf8 46. Nf5 Rb2 47. Be4 $1 g6 48. Rf6+ Ke8 49. Bc6+ (49. Nxh6 $16 Kd7 50. a3) 49... Kd8 50. Nd4 {With the idea Rf7.} Ke7 $1 {[%cal Re7f6]} 51. Re6+ Kf7 52. Rd6 Rxa2 53. Nxb5 Rb2 54. Rd7+ Kf6 55. Nc3 Ke6 56. Rd3 (56. Ra7 {seems wilder.} Rb4 57. Bf3 Re5 58. Ra6+ Kf7 59. Nd5) 56... h5 {[#]} (56... Rb3 $11) 57. Bd5+ (57. h4 $1 $16 {[%cal Rh4g5]} Re5 58. Ne4) 57... Ke7 58. Bf3 Re5 59. Rd4 Kf8 60. Rd8+ Kg7 61. Ra8 Rf5 ({Black should play} 61... Rb4 $11) 62. Be4 $14 Rg5 63. Ra7+ Kh6 $1 64. Ra6 Rd2 65. Bf3 Rf5 66. Be4 Rg5 67. h4 Rg4 68. Kh3 {White wants to play g3.} Rd4 {aiming for ...Rc4.} 69. Bf5 Rxh4+ 70. Kg3 $132 {[%mdl 2048] White is not keeping still} Kg5 71. Bxg6 (71. Bb1 {feels hotter.} Rhg4+ 72. Kh3 Kh6 73. Rxa5 Rc4 74. Ra3) 71... Rhg4+ 72. Kh2 a4 73. Bh7 h4 (73... Rb4 $11 {keeps the balance.}) 74. Rg6+ (74. Re6 $16) 74... Kh5 $11 75. Re6 a3 76. Bf5 Rg5 77. Be4 {Strongly threatening Bf3+.} Ra5 78. Bf3+ Kg5 {...a2 is the strong threat.} 79. Re2 Rd3 80. Rc2 {[#]} (80. Na2 $15) 80... Rxc3 $1 $19 {[%mdl 576] Remove Defender, Deflection, Promotion} 81. Rxc3 {[%mdl 4096] Endgame KRB-KR} a2 82. Rc1 a1=Q 83. Rxa1 Rxa1 {KR-KB} 84. Bc6 Kf4 85. Bb7 Rc1 86. Bd5 Rc2 87. Be6 Rc3 88. Bd7 Rg3 89. Bh3 Ke3 90. Kg1 Ke2 91. Bc8 Ra3 92. Bg4+ Ke3 93. Kh2 Kf2 (93... Kf4 $19 94. Bf3 Ra1) 94. Bf3 $1 $15 Ra1 {Threatens to win with ...Ke3.} 95. Bb7 Ra7 (95... Ke3 $5 96. g3 $8 Ra7 $11) 96. Bd5 Ke3 {Hoping for ...Kf4.} 97. Bc6 ({White should try} 97. Kh3 $15) 97... Kf4 $19 98. Bd5 Ra3 99. Be6 Rg3 100. Bh3 $1 Ke3 101. Kg1 $1 Rg7 {Black is clearly better.} 102. Be6 Re7 103. Bh3 Rc7 104. Be6 Rc6 105. Bd7 Rd6 106. Bc8 Rd8 107. Be6 Rd6 $2 {Accuracy: White = 64%, Black = 68%.} ({Better is} 107... Kf4 $19 108. Kh2 Rd3) 1/2-1/2